Guess the Taylor Swift song with no hint 82 - Statistics

General Stats
  • This quiz has been taken 1,065 times
  • The average score is 277 of 433
Answer Stats
Answer % Correct
I
99%
the
97%
The
97%
You
97%
"You
97%
you
97%
on
95%
your
94%
in
91%
me
90%
My
90%
my
90%
And
89%
and
89%
do
89%
love
88%
to
88%
he
87%
It
87%
are
86%
is
86%
one
86%
when
86%
When
86%
No
85%
you're
85%
I'm
84%
That
82%
for
81%
of
81%
then
79%
we're
79%
not
78%
say
77%
They
77%
it's
76%
what
76%
like
74%
never
74%
this
73%
This
73%
all
72%
Don't
72%
know
72%
too
72%
But
70%
but
70%
I'll
70%
just
68%
said
68%
hand
67%
how
67%
"How
67%
can't
66%
could
66%
why
66%
will
66%
mine
65%
her
64%
see
64%
had
63%
'Cause
60%
got
60%
Ooh
60%
Oh
59%
oh
59%
oh-oh
59%
yours
59%
best
57%
with
57%
get
56%
you've
56%
been
55%
come
55%
down
55%
head
55%
Now
55%
now
55%
out
55%
you'll
55%
way
54%
gonna
53%
La-la-la-la-la
51%
la-la-la-la-la
51%
Foolish
50%
day
48%
stop
48%
Stop
48%
take
48%
we'll
48%
every
46%
hands
46%
table
46%
wasn't
46%
done
45%
he's
45%
long
44%
about
43%
cards
43%
checkin'
42%
confessions
42%
learn
42%
again
41%
call
41%
lesson"
41%
lesson
41%
mailbox
41%
or
41%
ain't
40%
Ain't
40%
right
40%
something
40%
keep
39%
exception
38%
should've
38%
voices
38%
give
37%
hard
37%
myself
37%
shoulder
37%
these
37%
around
34%
talk
34%
fine
33%
Over
33%
sleep
33%
thinkin'
33%
Chances
32%
chances
32%
plans
32%
signs?"
32%
tonight
32%
waitin'
32%
already
31%
enough
31%
maybe
31%
she'll
31%
tellin'
31%
act
30%
arm
30%
haven't
29%
really
29%
Sayin'
29%
high
28%
laugh
28%
seem
28%
walkin'
28%
finally
27%
intentions
27%
thoughts
27%
attention
26%
hopes
26%
older
26%
ring
25%
someday
25%
forget
24%
instead
24%
reason
24%
while
24%
bulletproof
23%
situation
23%
something's
23%
called
22%
wall
22%
block
21%
glances
21%
longing
21%
mention
21%
mornin'
21%
news
21%
screamin'
21%
starts
21%
waiting
21%
wings
21%
coffee
20%
delicate
20%
watching
20%
Wishful
20%
slidin'
19%
written
19%
goodbye
18%
silence
18%
Sittin'
18%
'round
15%
No matching quizzes found
Score Distribution
Percent of People with Each Score
Percentile by Number Answered
Your Score History
You have not taken this quiz